Test: Charles Leclerc - Statistiques

Statistiques générales
  • Ce quiz a été pris 152 fois
  • Le résultat moyen est 11 sur 16
Statistiques - réponses
Indice Réponses % Correct
Ecurie de F1 Ferrari
100%
Pays Monaco
95%
Couleur des yeux Vert
92%
Numéro 16
86%
Coéquipier Lewis Hamilton
84%
Nom de son chien Leo
82%
Circuit préféré Monaco
81%
Date de naissance 16/10/1997
80%
Nom de son petit frère Arthur Leclerc
75%
Petite amie Alexandra Saint mleux
66%
Nom entier Charles Marc Hervé Perceval Leclerc
66%
Plat préféré Pate
58%
Bijoux préféré (nom de la marque) apm Monaco
57%
Surnom Il Predestinato
39%
Première victoire Spa 2019
36%
Première pole position Bahrein
32%
Aucun quiz correspondant
Distribution des résultats
% des personnes avec chaque résultat
Percentile par nombre de réponses
Votre historique - résultats
Vous n’avez pas pris ce quiz